Statistiques concernant Oscar du meilleur film

Cliquez ici pour prendre le quiz!

Statistiques générales

  • Ce quiz a été pris 13 823 fois
    (4 639 depuis la dernière actualisation)
  • Le résultat moyen est 13 sur 96

Statistiques - réponses

ÉditionRéalisateurFilm% Correct
2024Christopher NolanOppenheimer
91%
1998James CameronTitanic
62%
2020Bong Joon-hoParasite
56%
1973Francis Ford CoppolaLe Parrain
51%
2012Michel HazanaviciusThe Artist
44%
2004Peter JacksonLe Seigneur des Anneaux:
Le Retour du roi
39%
1995Robert ZemeckisForrest Gump
35%
1951Joseph L. MankiewiczÈve
34%
1975Francis Ford CoppolaLe Parrain 2
34%
2001Ridley ScottGladiator
33%
2023Daniels (Kwan & Scheinert)Everything Everywhere
All at Once
30%
2018Guillermo del ToroLa Forme de l'eau
27%
1994Steven SpielbergLa Liste de Schindler
26%
2005Clint EastwoodMillion Dollar Baby
25%
2007Martin ScorseseLes Infiltrés
22%
1996Mel GibsonBraveheart
21%
2008Joel et Ethan CoenNo Country for Old Men
21%
2013Ben AffleckArgo
20%
2017Barry JenkinsMoonlight
20%
1991Kevin CostnerDanse avec les loups
19%
2015Alejandro Gonzalez IñárrituBirdman
18%
1976Miloš FormanVol au-dessus d'un nid de coucou
18%
2021Chloé ZhaoNomadland
17%
2009Danny BoyleSlumdog Millionaire
17%
2000Sam MendesAmerican Beauty
16%
1940Victor FlemingAutant en emporte le vent
16%
1960William WylerBen-Hur
16%
1992Jonathan DemmeLe Silence des agneaux
16%
1985Miloš FormanAmadeus
15%
2022Sian HederCoda
15%
2019Peter FarrellyGreen Book: Sur les routes du Sud
15%
2014Steve McQueenTwelve Years a Slave
15%
2010Kathryn BigelowDémineurs
14%
1987Oliver StonePlatoon
13%
1977John G. AvildsenRocky
13%
1993Clint EastwoodImpitoyable
12%
2011Tom HooperLe Discours d'un roi
12%
1978Woody AllenAnnie Hall
11%
1944Michael CurtizCasablanca
11%
1963David LeanLawrence d'Arabie
11%
2016Tom McCarthySpotlight
11%
1989Barry LevinsonRain Man
10%
1979Michael CiminoVoyage au bout de l'enfer
10%
1962Robert WiseWest Side Story
10%
2003Rob MarshallChicago
9%
1988Bernardo BertolucciLe Dernier Empereur
9%
1986Sydney PollackOut of Africa
9%
2002Ron HowardUn homme d'exception
9%
2006Paul HaggisCollision
8%
1972William FriedkinFrench Connection
8%
1983Richard AttenboroughGandhi
8%
1980Robert BentonKramer contre Kramer
8%
1997Anthony MinghellaLe Patient anglais
8%
1958David LeanLe Pont de la rivière Kwai
8%
1999John MaddenShakespeare in Love
8%
1941Alfred HitchcockRebecca
7%
1955Elia KazanSur les quais
7%
1949Laurence OlivierHamlet
6%
1961Billy WilderLa Garçonnière
6%
1966Robert WiseLa Mélodie du bonheur
6%
1974George Roy HillL'Arnaque
6%
1929William A. WellmanLes Ailes
6%
1982Hugh HudsonLes Chariots de feu
6%
1990Bruce BeresfordMiss Daisy et son chauffeur
6%
1965George CukorMy Fair Lady
6%
1935Frank CapraNew York-Miami
6%
1971Franklin J.SchaffnerPatton
6%
1930Lewis MilestoneÀ l'Ouest, rien de nouveau
5%
1968Norman JewisonDans la chaleur de la nuit
5%
1981Robert RedfordDes gens comme les autres
5%
1959Vincente MinnelliGigi
5%
1957Michael AndersonLe Tour du monde en 80 jours
5%
1970John SchlesingerMacadam Cowboy
5%
1956Delbert MannMarty
5%
1969Carol ReedOliver !
5%
1942John FordQu'elle était verte ma vallée
5%
1953Cecil B. DeMilleSous le plus grand chapiteau du monde
5%
1954Fred ZinnemannTant qu'il y aura des hommes
5%
1984James L. BrooksTendres Passions
5%
1952Vincente MinnelliUn Américain à Paris
5%
1930Harry BeaumontBroadway Melody
4%
1934Frank LloydCavalcade
4%
1932Edmund GouldingGrand Hotel
4%
1945Leo McCareyLa route semée d'étoiles
4%
1931Wesley RugglesLa Ruée vers l'Ouest
4%
1938William DieterleLa Vie d'Émile Zola
4%
1937Robert Z. LeonardLe Grand Ziegfeld
4%
1948Elia KazanLe Mur invisible
4%
1946Billy WilderLe Poison
4%
1950Robert RossenLes Fous du roi
4%
1947William WylerLes Plus Belles Années de notre vie
4%
1936Frank LloydLes Révoltés du Bounty
4%
1943William WylerMadame Miniver
4%
1964Tony RichardsonTom Jones
4%
1967Fred ZinnemannUn homme pour l'éternité
4%
1939Frank CapraVous ne l'emporterez pas avec vous
4%

Distribution des résultats

Percentile par nombre de réponses

% des personnes avec chaque résultat

Votre développement - résultats

Vous n’avez pas pris ce quiz depuis la dernière actualisation